000 00951nas a2200325 4500
001 BR0900399
003 BR-BrBNA
005 20231205113017.0
007 ta
008 230509b bl.|||p| |||| 00| 00por d
040 _aBR-BrBNA
_bpor
_cBiblioteca Nacional de Agricultura
041 _a(Pt)
072 _aL50; L02
100 1 _aCosta, O.A.D.
100 1 _aLudke, J.V.
100 1 _aCosta, M.J.R.P. da
100 1 _aFaucitano, L.
100 1 _aColdebella, A.
100 1 _aKich, J.D.
100 1 _aPeloso, J.V.
100 1 _aRoza, D.D.
245 1 _aTempo de jejum na granja sobre o perfil hormonal e os parâmetros fisiológicos em suínos de abate pesados
650 _aSUÍNO
650 _aDIETA
650 _aFISIOLOGIA ANIMAL
650 _aCREATININA
773 0 _tCiência Rural (Brazil)
_xISS 0103-8478
_g(Nov 2008), v. 38(8) p. 2300-2306
_wBR0900399
909 _a202311
_bLúcia
_c55
_dLúcia Elande
942 _2AGRIS
_n0
_cANA
999 _c201316
_d201316